LIBRARY & INFORMATION CENTRE, KCAET, TAVANUR

ONLINE PUBLIC ACCESS CATALOGUE (OPAC)

Studies on osmotic dehydration of green pepper (Record no. 15009)

MARC details
000 -LEADER
fixed length control field 00616nam a22001817a 4500
003 - CONTROL NUMBER IDENTIFIER
control field OSt
088 ## - REPORT NUMBER
Report number T 189
100 ## - MAIN ENTRY--AUTHOR NAME
Personal name SMITHA K. E
245 ## - TITLE STATEMENT
Title Studies on osmotic dehydration of green pepper
260 ## - PUBLICATION, DISTRIBUTION, ETC. (IMPRINT)
Place of publication Tavanur 2008
Name of publisher Department of Post-Harvest Technology and Agricultural Processing
300 ## - PHYSICAL DESCRIPTION
Number of Pages 74
500 ## - GENERAL NOTE
General note Studies on osmotic dehydration of green pepper
520 ## - SUMMARY, ETC.
Summary, etc Studies on osmotic dehydration of green pepper
700 ## - ADDED ENTRY--PERSONAL NAME
Personal name Dr. Santhi Mary Mathew (Guide)
856 ## - ELECTRONIC LOCATION AND ACCESS
Uniform Resource Identifier https://drive.google.com/open?id=1jNrqO9Ms3d-XhgZ72SPaVpqXPCK1w41q
942 ## - ADDED ENTRY ELEMENTS (KOHA)
Koha item type Theses
Holdings
Collection code Home library Current library Shelving location Full call number Accession Number Koha item type Public note
Reference KAUAET KAUAET Reference 631.56 SMI/ST T 189 Theses M.Tech Thesis
free website counter